Bulgariaa lähinnä olevat maat - yhden minuutin sprintti - Statistics

Yleistilastot
  • Tätä visaa on pelattu 22 kertaa
  • Keskiarvotulos 15 / 20
Vastaustilastot
km maa % Oikein
0 Romania
100%
0 Kreikka
95%
0 Serbia
95%
535 Slovenia
90%
0 Turkki
90%
164 Moldova
85%
0 Pohjois-Makedonia
85%
358 Venäjä
85%
148 Albania
80%
0 Kosovo
80%
175 Montenegro
80%
221 Bosnia ja Hertsegovina
75%
315 Kroatia
75%
148 Ukraina
75%
497 Slovakia
70%
400 Italia
65%
258 Unkari
60%
640 Tšekki
40%
533 Puola
15%
570 Itävalta
10%
Ehtoja vastaavia visoja ei löytynyt
Tulosjakauma
Jokaisen tuloksen saaneiden osuus
Persentiili vastausten määrän mukaan
Tuloshistoriasi
Et ole pelannut tätä visaa